000 01375cam a2200205 4500500
005 20260222005124.0
041 _afre
042 _adc
100 1 0 _aLegal, Élise
_eauthor
245 0 0 _a3 poèmes
260 _c2026.
500 _a68
520 _aÉlise Légal propose trois nouveaux poèmes inédits après la publication en 2024 de Problèmes de localisation aux éditions MPLH. Alternant entre prose et vers, entre forme expéditive, ponctuation et chute, Élise Légal poursuit un travail d’écriture qui ne cesse de s’interroger sur ses propres conditions de production matérielles, mais aussi les effets, l’autonomie et les possibilités de la poésie sans jamais préjuger de ses capacités ou de ses incapacités à s’articuler au réel. Les poèmes sont investis de bribes du quotidien, d’affects, d’interrogations militantes, de stratégies financières, de cauchemars, de manifestations et de canicules, les poussant à tordre leur adresse vers le commun, c’est-à-dire aussi bien ce qui rassemble, ce qui rend irréconciliables que le banal.
690 _aArgent
690 _aPoésie
690 _aProduction
690 _aPropositions
786 0 _nLes Temps qui restent | 6 | 2 | 2026-02-02 | p. 66-68 | 3038-0464
856 4 1 _uhttps://shs.cairn.info/revue-les-temps-qui-restent-2025-2-page-66?lang=fr&redirect-ssocas=7080
999 _c1669518
_d1669518